Dental anatomy, physiology and occlusion (Registro nro. 9559)
[ vista simple ]
| 000 -Cabecera | |
|---|---|
| Campo de control de longitud fija | 00753ata a2200289 4500 |
| 005 - Fecha y hora de la última transacción | |
| Campo de control | 20251030185226.0 |
| 008 - Elementos de longitud fija--Información general | |
| Campo de control de longitud fija | 150609b1993 xxu||||| |||| 00| 0 eng d |
| 020 ## - International Standard Book Number | |
| Número Internacional Estándar del Libro (ISBN) | 0721643744 |
| 041 ## - Idioma | |
| Código de idioma | Inglés |
| 082 ## - Clasificación Decimal Dewey | |
| Número de clasificación | 611.314 A819a7 |
| 100 ## - Entrada principal--Autor personal | |
| Nombre personal | Ash, Major |
| 9 (RLIN) | 18064 |
| 100 ## - Entrada principal--Autor personal | |
| Nombre personal | Nelson, Stanley |
| 9 (RLIN) | 24112 |
| 245 ## - Título propiamente dicho | |
| Título | Dental anatomy, physiology and occlusion |
| 250 ## - Edición | |
| Mención de edición | 7 edición |
| 260 ## - Pie de imprenta | |
| Lugar de publicación, distribución, etc. | Estados Unidos |
| 260 ## - Pie de imprenta | |
| Nombre del editor, distribuidor, etc. | W.B. Saunders Company |
| 260 ## - Pie de imprenta | |
| Fecha de publicación, distribución, etc. | 1993 |
| 300 ## - Descripción física | |
| Extensión | 478 páginas |
| 300 ## - Descripción física | |
| Otras características físicas | Ilustraciones a blanco y negro |
| 490 ## - Serie | |
| Título de la Serie | Mecánica Dental |
| 650 ## - Materia general | |
| Temática (materia general) | ANATOMÍA DENTAL |
| 650 ## - Materia general | |
| Temática (materia general) | DIENTES |
| 650 ## - Materia general | |
| Temática (materia general) | FISIOLOGÍA |
| 650 ## - Materia general | |
| Temática (materia general) | OCLUSIÓN |
| 650 ## - Materia general | |
| Temática (materia general) | ESTRUCTURAS ÓSEAS DENTALES |
| 942 ## - Punto de acceso adicional KOHA | |
| Tipo de ítem KOHA | Libro |
| Fuente del sistema de clasificación o colocación | Dewey Decimal Classification |
| Signatura completa | Código de barras | Programa Académico | Tipo de ítem |
|---|---|---|---|
| 611.314 A819a7 | 3657 | Mecánica Dental | Libro |